000 00453nam a2200181Ia 4500
008 170705s9999 xx 000 0 und d
020 _a9780545003711
245 _aIsaac Newton /
245 _cKathleen Krull ; illustrated by Boris Kulikov.
260 _aNew York :
260 _bScholastic,
260 _c2006
300 _a126 pages :
300 _bcolor illustration ;
300 _c19cm.
440 _aGiants of science.
500 _a1000
999 _c336689
_d336689